[Event "Sharjah Master 2024"]
[Site "Shsrjah - Abu Dhabi"]
[Date "2024.05.18"]
[Round "?"]
[White "Puranik, Abhimanyu"]
[Black "Tabatabaei, M. Amin"]
[Result "0-1"]
[WhiteElo "2629"]
[BlackElo "2707"]
[PlyCount "184"]
[EventDate "2024.05.14"]
[EventCountry "UAE"]

{[%evp 10,184,18,18,26,24,22,16,21,18,23,22,19,-8,12,-10,-7,-12,-11,-9,-5,-17,-16,-21,-19,-11,-15,-23,-26,-20,-1,-41,-39,-35,-35,-34,-37,-34,-41,-30,-35,-35,-36,-43,-48,-41,0,0,0,-100,0,-88,-91,-166,-24,-59,-76,-89,-91,-100,-89,-84,-63,-79,-32,-93,-83,-106,-85,-85,-96,-91,-87,-140,-127,-103,-108,-105,-104,-148,-134,-201,-201,-203,-203,-243,-191,-207,-121,-137,-140,-123,-9,-405,-406,-404,-394,-564,-238,-241,-241,-483,-461,-464,-454,-449,-449,-941,-875,-8850,-8850,-8850,-8850,-8850,-5196,-445,-317,-29935,-8850,-29948,-29943,-29948,-29949,-29950,-29949,-29950,-29941,-29940,-29940,-8850,-29948,-29948,-29948,-29951,-29946,-29959,-29959,-29962,-29964,-29964,-29947,-29957,-29953,-29950,-29945,-29957,-29942,-8850,-29945,-29943,-29944,-8850,-29950,-29971,-29975,-29975,-29976,-29976,-29977,-29974,-1019,-29974,-29974,-29980,-29981,-29981,-29979,-29982,-29982,-29982,-29983,-29983,-29984,-29984,-29985,-29983,-29986]} 1. e4 e5 2. Nf3 Nc6 3. Bc4 Nf6 4. d3 Bc5 5. O-O d6 6. c3 a5 7. Nbd2 O-O 8. h3 Ba7 {The position is equal.} 9. Re1 Be6 10. Bb5 Ne7 11. Nf1 Ng6 12. Ng3 c6 13. Ba4 d5 14. exd5 Nxd5 15. Bc2 Qc7 16. d4 exd4 $1 17. Nxd4 Rae8 18. Re4 Nf6 19. Re1 Bd5 $146 ({RR} 19... Bd7 20. Bd2 Bb8 21. c4 Bc8 (21... Rxe1+ $15 22. Qxe1 Re8) 22. Bc3 Rd8 23. Qe2 Rfe8 24. Qf1 Nh5 25. Rxe8+ Rxe8 26. Re1 Rxe1 27. Qxe1 Nxg3 28. fxg3 Qe5 29. Qxe5 Nxe5 30. b3 a4 31. g4 axb3 32. axb3 Ba7 33. Kf1 g6 34. Ke2 {Kulaots,K (2534)-Blomqvist,E (2511) Fagernes NOR 2024 ½-½ (35)}) 20. Rxe8 Rxe8 21. Bg5 Qe5 22. Qd2 h6 23. Be3 Bb8 $40 {[%mdl 128] Black has some attack.} 24. Ndf5 Nf4 25. Bd4 Qe6 26. f3 h5 27. Bf2 g6 28. Re1 Qd7 $1 29. Bd4 $2 {Mistake. Ne4 was best.} (29. Ne4 Nxe4 30. fxe4 Be6 31. Qxd7 Bxd7 32. Rd1 Bxf5 33. exf5 Ne2+ 34. Kf1 Ng3+ $1) (29. Ne4 $11 Nxe4 30. fxe4) 29... Nh7 $2 {Mistake. Re6 was best.} (29... Re6 $1) (29... Re6 $1 $17 30. Nh6+ Kf8 31. Rxe6 Qxe6) 30. Nh6+ $6 {Inaccuracy. Rxe8+ was best.} (30. Rxe8+ $1 Qxe8 31. Be3 Qe5 32. Bxf4 Qxf4 33. Qxf4 Bxf4 34. Ne2 Bg5 35. Nd6 b6) (30. Rxe8+ $1 $11 Qxe8 31. Nh6+ Kf8 32. c4) 30... Kf8 $17 31. Ne4 $6 {Inaccuracy. Bc5+ was best.} (31. Bc5+ Bd6) (31. Bc5+ $17 {is a better defense.} Bd6 32. Rxe8+ Kxe8 33. Ne4 Nxh3+ 34. gxh3 Bxe4 35. Bxd6 Bxc2 36. h4) 31... f5 $2 {Mistake. Qd8 was best.} (31... Qd8) (31... Qd8 $19 32. Be3 Ne6) 32. Nc5 {[%cal Rc5d7]} Rxe1+ 33. Qxe1 {[%cal Rc5d7]} Qe7 34. Qxe7+ Kxe7 35. Kf2 b6 36. Na6 Ba7 37. Nc7 (37. g4 $15) 37... Bxa2 38. Be3 Ne6 $1 {[%cal Re6c7]} 39. Nxe6 Bxe6 40. g4 {[%cal Rg4f5]} Kf6 $1 41. Kg3 c5 42. Kh4 hxg4 43. hxg4 Bb8 {And now ...f4 would win.} 44. gxf5 gxf5 45. b4 $6 {Inaccuracy. b3 was best.} (45. b3 Kg6 46. c4 Nf6 47. Bd2 Bc7 48. Ng4 Nh5 $1 49. Ne3 Bd8+ 50. Kh3 Nf4+) (45. b3 $17) 45... Bd6 $19 46. bxa5 bxa5 47. c4 Bd7 $6 {Inaccuracy. Kg6 was best.} (47... Kg6 48. Ng4 Kg7 $1 49. Bh6+ Kf7 $1 50. Ne3 Kg6 51. Ng4 Bxc4 52. Bc1 Bd5 53. Ne3) ({Worse is} 47... Bxc4 48. Nxf5 Bf8 49. Bd2 $11) 48. Bc1 a4 $6 {Inaccuracy. Nf8 was best.} (48... Nf8 $1 49. f4 Ng6+ $1 50. Kg3 Ne7 51. Bb2+ Ke6 $1 52. Bc1 Bc6 53. Bd1 Be4 54. Bh5) (48... Nf8 $1 $19 {[%cal Rf8g6] Hoping for ...Ng6+.} 49. f4 Ng6+ 50. Kg3 Ne7 51. Bb2+ Ke6) 49. f4 $17 Nf8 $1 {[%cal Rf8g6]} 50. Kg3 Ne6 $2 {Mistake. Kg6 was best.} (50... Kg6) (50... Kg6 $17 51. Ng4 Ne6 52. Ne5+ Bxe5 53. fxe5 Nd4) 51. Nxf5 $4 {[#] Blunder. Bxf5 was best.} (51. Bxf5) (51. Bxf5 $11 {and White stays safe.} Bc6 52. Bd3) 51... Bxf4+ $1 $19 {[%mdl 512]} 52. Bxf4 Nxf4 $11 {[%mdl 4096] Endgame KBN-KBN} 53. Nd6 $2 {Mistake. Bxa4 was best.} (53. Bxa4 Ne2+ 54. Kf2 Bxa4 55. Nd6 Nc3 56. Nb7 Ne4+ 57. Ke3 Ke5 58. Kd3 Bd7) (53. Bxa4 $142 Ne2+ 54. Kf2 Bxa4 55. Nd6) 53... Ke5 $2 {Mistake. a3 was best.} (53... a3 54. Ne4+ Ke5 55. Nxc5 Ne2+ 56. Kf2 a2 $1 57. Ke3 (57. Nxd7+ $142 Kd6 58. Kxe2 Kxd7 59. Ba4+ Kd6 60. Kf3) 57... a1=Q 58. Nxd7+ Kd6 59. Kxe2) (53... a3 $142 54. Bb3 Ne2+ 55. Kf2 Nc1 56. Ne4+ Ke5) 54. Nf7+ $19 Kd4 $1 ({And not} 54... Kf6 55. Kxf4 Kxf7 56. Ke5 $11) 55. Kxf4 $2 {[#]} (55. Bxa4 {only move.} Nh5+ 56. Kf2 Bxa4 57. Nd6) 55... a3 $1 {[%cal Ra3a2] ...a2 is the strong threat.} 56. Bb1 {[#]} Kc3 $1 {[%cal Rc3b2]} 57. Nd6 {Now Nb5+ and White clings on.} Kb2 58. Nb5 (58. Be4 $142) 58... Bxb5 $1 ({Inferior is} 58... Kxb1 59. Nxa3+ Kc1 60. Ke5 $11) 59. cxb5 Kxb1 {KPP-KP} 60. b6 a2 61. b7 a1=Q {( -> ...Qb2)} 62. b8=Q+ {KQ-KQ} Kc2 63. Kg3 $2 (63. Kf5 $19 Qf1+ 64. Ke6) 63... c4 64. Qb7 Qc3+ 65. Kh4 Qd4+ 66. Kh3 Qe3+ 67. Kh4 Qh6+ $6 {Inaccuracy. c3 was best.} (67... c3 68. Qb4 Kc1 69. Qa3+ Kd1 70. Qb3+ Kd2 71. Qd5+ Ke1 72. Qa5 Kf1 73. Qd5) 68. Kg4 Qg6+ 69. Kh4 c3 70. Qb4 Qh7+ 71. Kg4 Qg8+ 72. Kh4 $6 {Inaccuracy. Kh3 was best.} (72. Kh3 Qe6+) 72... Qd5 73. Qa4+ Kc1 74. Qf4+ Qd2 $6 {Inaccuracy. Kb2 was best.} (74... Kb2 75. Qb4+ Qb3 76. Qd4 Ka3 77. Kh5 c2 78. Qc5+ Kb2 79. Qe5+ Qc3 80. Qb5+) 75. Qe5 $6 {Inaccuracy. Qf1+ was best.} (75. Qf1+ Kc2) 75... Qd3 76. Qf4+ Qd2 77. Qe5 $6 {Inaccuracy. Qf1+ was best.} (77. Qf1+ Qd1 78. Qf4+ Kb2 79. Qf2+ Qc2 80. Qd4 Qh2+ 81. Kg4 Qd2 82. Qb4+ Kc1) 77... Qh6+ $6 {Inaccuracy. Kd1 was best.} (77... Kd1 78. Qh5+ Ke1 79. Qe5+ Kf1 80. Qb5+ Qe2 81. Qb4 Qe1+ 82. Kh5 c2 83. Qf4+) 78. Kg3 Qg6+ 79. Kh4 Qh7+ 80. Kg4 $6 {Inaccuracy. Kg3 was best.} (80. Kg3 Qd3+ 81. Kf2 Qc4 82. Qg7 Qa2+ 83. Kf3 c2 84. Qg1+ Kb2 85. Qd4+ Kb1) 80... Qd3 81. Qf4+ $6 {Inaccuracy. Kh5 was best.} (81. Kh5 c2 82. Kh6 Qh3+ 83. Kg6 Kd2 84. Qa5+ Ke2 85. Qe5+ Qe3 86. Qh2+ Qf2) 81... Kd1 82. Kh4 c2 83. Qg4+ $6 {Inaccuracy. Qa4 was best.} (83. Qa4 Kd2) 83... Kc1 84. Qb4 Qh7+ (84... Qe3 $142 85. Kh5 Kd1 86. Qa4 Kd2 87. Qa5+ Ke2 88. Qa2 Qc5+ 89. Kg6 Kf1 90. Qf7+ Kg1 91. Qf3 Qd6+ 92. Kg7 c1=Q 93. Qg4+ Kf2 94. Qh4+ Qg3+ 95. Qxg3+ Kxg3 96. Kg6 Kf4 97. Kf6 Qc6+ 98. Ke7 Kf5 99. Kf8 Kf6 100. Kg8 Qg2+ 101. Kh8 Qg7#) 85. Kg4 Qd7+ {Black mates.} 86. Kg3 Kd1 87. Qb3 Qg7+ 88. Kh3 Qh7+ 89. Kg3 $6 {Checkmate is now unavoidable. Kg4 was best.} (89. Kg4 Qe4+) 89... Qe4 90. Kh3 Kd2 91. Qa2 Qe5 92. Kh4 Qb5 {Accuracy: White = 61%, Black = 83%.} 0-1

[Event "Sharjah Master 2024"]
[Site "Shsrjah - Abu Dhabi"]
[Date "2024.05.18"]
[Round "?"]
[White "Fedoseev, Vladimir"]
[Black "Yuffa, Daniil"]
[Result "1/2-1/2"]
[WhiteElo "2701"]
[BlackElo "2617"]
[PlyCount "34"]
[EventDate "2024.05.14"]
[EventCountry "UAE"]

1. e4 c5 2. Nf3 d6 3. d4 cxd4 4. Nxd4 Nf6 5. Nc3 a6 6. Bc4 e6 7. O-O b5 8. Bb3 Be7 9. Qf3 Qb6 10. Be3 Qb7 11. Qg3 b4 12. Na4 Nbd7 13. c3 O-O 14. Bh6 Nh5 15. Qf3 Nhf6 16. Qg3 Nh5 17. Qf3 Nhf6 1/2-1/2

[Event "Sharjah Master 2024"]
[Site "Shsrjah - Abu Dhabi"]
[Date "2024.05.18"]
[Round "?"]
[White "Sindarov, Javokhir"]
[Black "Daneshvar, Bardiya"]
[Result "0-1"]
[WhiteElo "2684"]
[BlackElo "2581"]
[PlyCount "58"]
[EventDate "2024.05.14"]
[EventCountry "UAE"]

{[%evp 13,58,19,20,17,21,18,18,19,23,16,29,26,39,-74,-74,-60,-64,-67,-68,-74,-75,-92,-68,-83,-83,-133,-129,-133,-133,-243,-224,-237,-242,-239,-234,-264,-246,-320,-303,-321,-322,-311,-318,-465,-464,-519,-503]} 1. e4 e5 2. Nf3 Nc6 3. Bc4 Bc5 4. O-O Nf6 5. d3 d6 6. c3 a6 7. a4 h6 8. Nbd2 O-O 9. Re1 Re8 10. Nf1 {The position is equal.} Ba7 11. Qb3 $146 ({RR} 11. b4 Be6 12. Bxe6 Rxe6 13. Be3 Bxe3 14. Nxe3 d5 15. Qc2 Qd7 16. g3 Rd8 17. b5 Ne7 18. c4 d4 19. Nd5 Ng6 20. Rab1 axb5 21. axb5 c6 22. bxc6 bxc6 23. Nxf6+ (23. Nb6 $14 Qa7 24. c5) 23... Rxf6 24. Nd2 $2 (24. Qe2 $15) 24... Qh3 25. Nf1 Nf4 $1 {Giri,A (2762)-Lazavik,D (2567) chess.com INT 2024 ½-½ (46)}) 11... Rf8 12. a5 Bg4 13. Qxb7 $6 {Inaccuracy. Qd1 was best.} (13. Qd1) (13. Qd1 $14) 13... Qd7 $17 14. Qb3 Bxf3 $1 15. gxf3 Ne7 {...Ng6 is the strong threat.} 16. Ng3 {[#]} d5 $1 $36 {[%cal Rd5c4][%mdl 2048] Keeping White busy.} 17. Bxa6 Rfb8 18. Qa4 Qd6 19. Bb5 Qc5 $1 {[%csl LRb5,LRf2][%mdl 64] Double Attack} 20. d4 Qxb5 21. exd5 $6 {Inaccuracy. Qxb5 was best.} (21. Qxb5 Rxb5 22. exd5 Nd7 23. f4 Rxd5 24. fxe5 c5 25. e6 {[#]} fxe6 $1 26. dxc5 Ne5) (21. Qxb5 $17 {might work better.} Rxb5 22. exd5) 21... Qxd5 $19 {Hoping for ...Ng6.} 22. Rxe5 Qd8 23. Re2 Rc8 24. Ne4 {White wants to play Nxf6+.} Nxe4 25. fxe4 $6 {Inaccuracy. Rxe4 was best.} (25. Rxe4 c5 26. dxc5 Rxc5 27. Bf4 Rxa5 28. Qxa5 Bxf2+ $1 29. Kxf2 Rxa5 30. Rxa5 Qxa5) 25... c5 26. d5 Ng6 27. Kh1 Qh4 {Strongly threatening ...Qh3.} 28. Qd7 $6 {Inaccuracy. Qd1 was best.} (28. Qd1 c4 29. Qf1 Bb6 30. f4 Rxa5 31. Rxa5 Bxa5 32. Be3 Bc7 33. e5 Qh5) (28. Qd1 $142 c4 29. Qf1) 28... Qh5 {White must now prevent ...Qf3+.} 29. Re3 $6 {Inaccuracy. f3 was best.} (29. f3 Qxf3+ 30. Rg2 c4 31. Bd2 Qxe4 32. Rf1 Rf8 33. d6 Bc5 34. Qg4 Qxg4) 29... Rd8 {Accuracy: White = 57%, Black = 100%.} 0-1

[Event "Sharjah Master 2024"]
[Site "Shsrjah - Abu Dhabi"]
[Date "2024.05.18"]
[Round "?"]
[White "Muradli, Mahammad"]
[Black "Shankland, Sam"]
[Result "0-1"]
[WhiteElo "2560"]
[BlackElo "2671"]
[PlyCount "118"]
[EventDate "2024.05.14"]
[EventCountry "UAE"]

{[%evp 15,118,48,37,37,41,39,39,39,45,41,39,39,41,32,31,23,46,0,31,28,28,30,39,-17,-17,-10,-17,-21,-16,-16,-7,-3,8,-49,-62,-62,-62,-94,-98,-344,-344,-470,-148,-144,-141,-144,-146,-145,-148,-147,-146,-148,-146,-514,-170,-160,-174,-169,-174,-228,-232,-225,-225,-231,-219,-270,-264,-261,-248,-234,-199,-302,-302,-279,-278,-344,-317,-428,-428,-407,-346,-462,-396,-464,-464,-476,-350,-452,-514,-503,-487,-557,-569,-549,-532,-717,-671,-29957,-29957,-29977,-29978,-29955,-850,-695,-731]} 1. d4 Nf6 2. c4 g6 3. Nc3 Bg7 4. e4 d6 5. Nf3 O-O 6. Be2 e5 7. O-O Na6 8. Re1 Bg4 9. Be3 exd4 10. Nxd4 Bxe2 11. Qxe2 {White is slightly better.} Re8 12. f3 c6 13. Rad1 Nd7 $146 ({RR} 13... Qa5 14. Nb3 Qc7 15. Qd2 Rad8 16. Kh1 b6 (16... Nd7 $14) 17. Nd4 Nc5 18. b4 Ne6 19. b5 cxb5 20. cxb5 d5 21. e5 $1 {[%cal Re5f6]} Qxe5 22. Nc6 Qh5 (22... Qd6 $16) 23. Nxd8 Rxd8 24. Ne2 Bf8 25. Nf4 Qf5 $2 (25... Nxf4 26. Bxf4 h6) 26. g4 Qe5 27. Bxb6 Ne4 28. Bxd8 {Duda,J (2732)-Henriquez Villagra,C (2591) chess.com INT 2024 1-0}) 14. Rd2 Qe7 15. Qd1 Rad8 16. Nde2 Ne5 17. b3 Nc5 18. Qc2 a6 19. Bf2 (19. Nd1 $14) 19... b5 $11 20. cxb5 axb5 21. a4 bxa4 22. Nxa4 Na6 23. h3 d5 {And now ...Nb4 would win.} (23... Nb4 $5 24. Qd1 $8 Bf8 $11) 24. exd5 $6 {Inaccuracy. f4 was best.} (24. f4 Nd7 25. Nd4 Nb4 26. Nxc6 Nxc2 27. Nxe7+ Rxe7 28. Rxc2 dxe4 29. b4 Rde8) ({White should try} 24. f4 $11 Nb4 25. Qd1) 24... Nb4 $15 25. Qd1 $1 Nxd5 26. Kh1 Bh6 $1 {[%cal Rh6d2]} 27. Bc5 $4 {Blunder. f4 was best.} (27. f4 Nxf4 28. Nxf4 Bxf4 29. Rd4 Ng4 30. Rxe7 Nxf2+ 31. Kg1 Nxd1 32. Rxe8+ Rxe8) (27. f4 $17) 27... Qf6 $19 28. f4 $6 {[#] Inaccuracy. Rf1 was best.} (28. Rf1 Bxd2 29. Qxd2 Qh4 30. Qc2 Nb4 31. Bxb4 Qxb4 32. Ng3 f5 33. f4 Nd3) 28... Nxf4 $4 {Blunder. Nf3 was best.} (28... Nf3 29. gxf3 Qh4 30. Kg2 Bxf4 31. Rxd5 Rxd5 32. Nxf4 Rxe1 33. Qxe1 Qxe1 34. Nxd5) (28... Nf3 $1 $19 {[%mdl 512]} 29. gxf3 Qh4) 29. Nxf4 $17 Bxf4 30. Rxd8 Rxd8 31. Qe2 Rd2 32. Qf1 {Strongly threatening Be3.} Qg5 33. Re4 Bg3 $40 {[%mdl 128] Black wants a kill.} 34. Rd4 $4 {[#] Blunder. Qc1 was best.} (34. Qc1 Qd8 35. Nc3 h5 36. Bg1 Ng4 37. Re8+ Qxe8 38. Qxd2 Nf6 39. Qd3 Qe1) (34. Qc1 $17 Qd8 35. Nc3) 34... h5 $4 {Blunder. Nd3 was best.} (34... Nd3 35. Rd7 Nf2+ 36. Bxf2 Rxd7 37. Nc5 Re7 38. Nd3 Bxf2 39. Qxf2 Qd5 40. Qf3) (34... Nd3 $142 $1 {[%mdl 512] ( -> ...Nf2+)} 35. Rd7 (35. Rxd3 $2 Rxd3 36. Bg1 Qd5 $19) 35... Nf2+ {[%mdl 64] Discovered Attack} 36. Bxf2 Rxd7) 35. Nc3 $19 {Black must now prevent Ne4.} Rxd4 $1 36. Bxd4 Qd2 37. Qd1 Qxd1+ 38. Nxd1 {[%mdl 4096] Endgame KBN-KBN} Nd3 39. Nc3 f5 40. Kg1 Kf7 41. Kf1 Ke6 42. Be3 h4 43. Ke2 $6 {Inaccuracy. Ne2 was best.} (43. Ne2 Kd5) (43. Ne2 {might work better.}) 43... Ne1 44. Kf1 Nc2 45. Ke2 $6 {Inaccuracy. Bg5 was best.} (45. Bg5 {45.d2 -2.45} Nd4 46. b4 Nc2 47. Ne2 Kd5 48. Ng1 Nxb4 49. Nf3 Nd3 50. Ke2 Ne5) 45... Be5 46. Nb1 Nxe3 47. Kxe3 {KB-KN} g5 48. Kd3 g4 $6 {Inaccuracy. Kd5 was best.} (48... Kd5 49. Na3 Bd6 50. Nc2 Bc5 51. b4 Bf8 52. Nd4 Bxb4 53. Nxf5 Bc5 54. Nh6) 49. Nd2 $6 {Inaccuracy. hxg4 was best.} (49. hxg4 fxg4 50. Ke4 h3 51. gxh3 gxh3 52. Kf3 Kd5 53. Nd2 {[#]} Kd4 $1 54. Ne4 {[#]} h2 $1) 49... Kd5 50. Nc4 $6 {Inaccuracy. Ke3 was best.} (50. Ke3 Bg7 51. Nc4 Bh6+ 52. Ke2 Bf4 53. Kd3 Bg5 54. Ke2 Ke4 55. Nd6+ Kf4) 50... Bd4 51. Nd2 Ba7 52. Nc4 Bc5 53. Nd2 Ke5 54. Ke2 Kf4 55. hxg4 fxg4 56. Kf1 $6 {Inaccuracy. Nf1 was best.} (56. Nf1 Bg1 57. Nd2 Kg3 58. Kf1 Bd4 59. b4 h3 60. gxh3 gxh3 61. Ke2 Kg2) 56... h3 57. gxh3 gxh3 58. b4 Be3 (58... Ba7 $142 59. Nc4 Kg3 60. b5 cxb5 61. Nd6 h2 62. Ne4+ Kf4 63. Kg2 Kxe4 64. Kh1 Bb8 65. Kg2 b4 66. Kh1 b3 67. Kg2 b2 68. Kf2 h1=Q 69. Ke2 Qh2+ 70. Kf1 b1=Q#) 59. Nc4 Kf3 {Accuracy: White = 51%, Black = 81%.} 0-1

[Event "Sharjah Master 2024"]
[Site "Shsrjah - Abu Dhabi"]
[Date "2024.05.18"]
[Round "?"]
[White "Yu, Yangyi"]
[Black "Zemlyanskii, Ivan"]
[Result "1-0"]
[WhiteElo "2728"]
[BlackElo "2516"]
[PlyCount "103"]
[EventDate "2024.05.14"]
[EventCountry "UAE"]

{[%evp 9,103,7,5,7,10,6,8,6,33,50,66,70,74,89,80,90,89,84,120,101,204,65,68,66,74,71,92,86,83,91,87,30,35,30,45,44,43,43,49,32,45,17,16,17,15,-32,-29,-37,-41,-26,25,-17,30,32,39,-11,23,26,100,99,154,162,163,137,166,154,158,153,251,258,244,244,333,134,175,175,187,183,304,316,386,379,358,353,439,366,470,465,471,333,422,422,820,799,711,685]} 1. e4 c5 2. Nf3 d6 3. Bb5+ Nd7 4. O-O a6 5. Be2 Ngf6 6. d3 e6 ({RR} 6... b6 7. c4 Bb7 8. Nc3 g6 9. Rb1 Bg7 10. b4 Bc6 11. h3 O-O 12. Be3 e6 13. Qb3 Qe7 14. a4 Rfb8 15. Rfd1 h6 16. Ne1 g5 17. Nc2 a5 18. bxc5 bxc5 19. Nb5 Ne5 20. Qa3 Bb7 21. f4 {Moussard,J (2630)-Niemann,H (2675) Djerba TUN 2024 ½-½ (51)}) 7. a4 b6 8. Nfd2 {The position is equal.} d5 $146 ({RR} 8... Bb7 9. f4 Be7 10. Bf3 Qc7 11. g4 h6 12. Nc3 g5 13. Nc4 d5 $2 (13... O-O-O $15 {stays ahead.}) 14. exd5 $1 exd5 15. Ne3 d4 16. Ncd5 Nxd5 17. Nxd5 Bxd5 18. Bxd5 O-O-O 19. Qf3 (19. Bg2 $142) 19... Bd6 20. Bc4 ({Better is} 20. h3 $16) 20... Nb8 $2 {[%mdl 8192]} (20... Kb8 $1 $11 {and Black has nothing to worry.}) 21. h3 Nc6 22. Bxa6+ Kb8 23. Bb5 {Sadhwani,R (2654)-Drygalov,S (2547) chess.com INT 2024 0-1 (34)}) ({RR} 8... Bb7 9. f4 g6 10. Bf3 Qc7 11. Nc3 (11. e5 $5 Nd5 12. Bxd5 exd5 13. Qe1 dxe5 14. fxe5 $15) 11... Bg7 12. Ne2 h5 13. Qe1 Ng4 14. Nc4 Rb8 (14... d5 $15 15. exd5 exd5 16. Nc3+ Kf8 17. Bxd5 Re8) 15. h3 Nh6 (15... d5 $14) 16. Bd2 (16. f5 $1 $18 {[%mdl 512]}) 16... Kf8 17. Bc3 d5 18. Bxg7+ Kxg7 19. Ne3 d4 20. Nc4 b5 (20... a5 $14) 21. axb5 axb5 22. Na5 e5 23. Nxb7 {Ragger,M (2605)-Bogner,S (2551) Switzerland SUI 2024 1-0 (41)} (23. b4 $16)) ({RR} 8... Bb7 9. f4 Be7 10. Nc3 d5 11. e5 Ng8 12. Bg4 g6 13. Nf3 Nb8 (13... h5 $5 14. Bh3 $8 Nh6 $11) 14. d4 Nh6 (14... h5 $15 15. Bh3 Nc6) 15. Bh3 Nf5 16. Ne2 Nc6 17. c3 h5 18. Bxf5 gxf5 19. Ng5 a5 20. Be3 Ba6 21. Rf3 h4 22. Rh3 Rc8 23. Rc1 {Radeva,V (2315)-Osmak,Y (2459) Rhodes GRE 2024 0-1 (39)} (23. Nf3 $11)) 9. f4 Bb7 {[%cal Rd5e4]} 10. Bf3 Qc7 11. e5 Ng8 12. c4 Ne7 13. Nc3 g6 14. a5 Bh6 $6 {Inaccuracy. Rb8 was best.} (14... Rb8 15. cxd5 exd5 16. Nb3 b5 17. Bd2 Bg7 18. Rc1 Qd8 19. Be1 (19. Be3 $16) 19... c4 $1 20. dxc4) (14... Rd8 $16 {was worth a try.}) 15. Nb3 $2 {Mistake. cxd5 was best.} (15. cxd5 Nxd5 16. Nxd5 Bxd5 17. Bxd5 exd5 18. Qf3 O-O 19. Qxd5 bxa5 20. Ne4 Nb6) (15. cxd5 $18 exd5 16. Qb3) 15... O-O $14 16. axb6 Nxb6 17. Na5 Rad8 18. Nxb7 Qxb7 19. Qb3 Rb8 20. Qa2 $6 {Inaccuracy. cxd5 was best.} (20. cxd5 exd5) ({White should try} 20. cxd5 $16 Nexd5 21. g3) 20... Rfd8 $11 21. g3 Qc7 22. Bg2 Nc6 23. b3 Bg7 24. Ba3 Nd4 25. Rac1 dxc4 26. bxc4 Nd7 27. Bb2 f6 $1 28. exf6 Nxf6 29. Rce1 Qd7 30. Nd1 {[%cal Bc3d1,Bd1f2,Bf2e4][%mdl 32]} Rb6 (30... Ng4 $5 {[%cal Rd4c2]}) 31. Bc3 {Hoping for Ba5.} Rdb8 32. Kh1 h5 33. Nf2 h4 $6 {Inaccuracy. Ng4 was best.} (33... Ng4) (33... Ng4 $11 {keeps the balance.}) 34. gxh4 $16 Nf5 $6 {Inaccuracy. Nh5 was best.} (34... Nh5) 35. Be5 $36 {[%mdl 2048] Keeping Black busy.} Rc8 36. Rb1 Rb4 37. Qxa6 Nh5 38. Ne4 Rxb1 $2 {Mistake. Bxe5 was best.} (38... Bxe5 39. fxe5) (38... Bxe5 $16 39. fxe5 Re8 40. Nxc5 Qd4) 39. Rxb1 $18 Bxe5 40. fxe5 {Threatens to win with Rb7.} Rf8 41. Rf1 $4 {Blunder. Nxc5 was best.} (41. Nxc5 Qd8 42. Qxe6+ Kh8 43. Qxg6 Qxh4 44. Ne4 $1 Nf4 45. Qg5 Nxd3 46. Qd2 Nxe5) (41. Nxc5 $18 {is more deadly.} Qd4 42. Qxe6+ {[%mdl 64] Double Attack} (42. Nxe6 {leads to mate.} Nhg3+ 43. hxg3 Nxg3+ 44. Kh2 Qxh4+ 45. Bh3 Rf2+ 46. Kg1 Ne2+ 47. Kh1 Qxh3#) 42... Kh8 43. Qxg6 Qxh4 44. Ne4) 41... Qxd3 42. Qxe6+ Kg7 {[#]} 43. Qd5 $1 {[%cal Rd5d3]} Qe2 $2 {Mistake. Qd4 was best.} (43... Qd4 44. Qxd4 cxd4 {[#]} 45. c5 $1 {[%cal Rc5c6]} Ne7 46. Rxf8 Kxf8 47. Nd2 Kf7 48. Be4 Ke6 49. Nc4) (43... Qd4 {is a better defense.} 44. Rb1 Kh6 45. Qxc5 (45. Nxc5 $2 Nhg3+ 46. hxg3 Nxg3+ 47. Kh2 Qxh4+ 48. Bh3 Rf2+ 49. Qg2 Ne2 $19) 45... Qxc5 46. Nxc5 Rc8) 44. Qxc5 Re8 $6 {Inaccuracy. Qg4 was best.} (44... Qg4 45. e6) 45. Nd6 Rxe5 46. Qa7+ ({Not} 46. Nxf5+ Rxf5 47. Rxf5 gxf5 $18) 46... Ne7 47. Qd4 Qe3 $6 {Inaccuracy. Nf6 was best.} (47... Nf6 48. Ne4 Qxf1+ 49. Bxf1 Rxe4 50. Qa7 Re1 51. Kg2 Kf7 52. Bd3 Rd1 53. Qe3) 48. Qa1 Nf6 49. c5 $6 {Inaccuracy. Ne4 was best.} (49. Ne4 Nc6 50. Nxf6 Qd4 51. Qa8 Nd8 52. Ne4 Rf5 53. Re1 Re5 54. h5 Nf7) 49... Qxc5 $6 {[#] Inaccuracy. Nc6 was best.} (49... Nc6 50. Nc4 Qxc5 51. Nxe5 Nxe5 52. Rf4 Qe7 53. Qd4 Qc7 54. Qb2 Qc5 55. Qb7+) 50. Rxf6 $1 {[%mdl 512] aiming for Rf7+.White is clearly winning.} Qe3 $4 {Blunder. Qa5 was best.} (50... Qa5 51. Rf7+ Kg8 52. Qxa5 Rxa5 53. Rxe7 Ra1+ 54. Bf1 $1 Rxf1+ 55. Kg2 Rd1 56. Ne4) (50... Qa5 $142 51. Ne8+ Kh7 52. Qxa5 Rxa5) (50... Kxf6 51. Ne4+) 51. Rf7+ Kh6 52. Rf1 {Accuracy: White = 72%, Black = 50%.} 1-0

[Event "Sharjah Master 2024"]
[Site "Shsrjah - Abu Dhabi"]
[Date "2024.05.18"]
[Round "?"]
[White "Royal, Shreyas"]
[Black "Nihal Sarin"]
[Result "1/2-1/2"]
[WhiteElo "2463"]
[BlackElo "2680"]
[PlyCount "98"]
[EventDate "2024.05.14"]
[EventCountry "UAE"]

1. d4 Nf6 2. c4 c5 3. d5 e6 4. Nc3 exd5 5. cxd5 d6 6. Nf3 g6 7. Nd2 Bg7 8. e4 O-O 9. Be2 Re8 10. O-O a6 11. a4 Nbd7 12. h3 Rb8 13. Qc2 Ne5 $146 ({RR} 13... Qc7 14. Rb1 Nf8 15. b3 Bd7 16. Bb2 b5 17. axb5 axb5 18. Nd1 Ra8 19. Ne3 Qb6 20. Ra1 h5 21. Rxa8 Rxa8 22. Ra1 Rxa1+ 23. Bxa1 Qa5 24. Bc3 Qa3 25. Qb2 Qxb2 26. Bxb2 N8h7 27. f3 Kf8 28. Kf2 {Esmeraldas Huachi,A (2153)-Baziuk,V (2211) chess.com INT 2024 0-1 (46)}) ({RR} 13... g5 14. Nc4 Ne5 15. Nxe5 Rxe5 16. f4 gxf4 17. Bxf4 Re8 18. Bg5 Qe7 19. Rf2 Qe5 20. Bf4 Qe7 21. e5 dxe5 22. Bg5 Qd6 23. Bxf6 Bxf6 24. Ne4 Qe7 25. Nxf6+ Kh8 26. Qxh7# {1-0 (26) Vantika,A (2398)-Kubicka,A (2278) FIDE Online Arena INT 2024}) 14. f4 Ned7 15. a5 b5 16. axb6 Nxb6 17. Nb3 Nxe4 18. Nxe4 Nxd5 19. Bf3 Bf5 20. Qd2 $4 {Blunder. Qd1 was best.} (20. Qd1) 20... Rxb3 21. Qxd5 Rxf3 22. Nf6+ Bxf6 23. Qxf3 Qb6 24. Kh2 c4 25. Qg3 $6 {Inaccuracy. Qd1 was best.} (25. Qd1 Kg7 26. Re1 Be4 27. Re2 d5 28. Be3 d4 29. Bf2 Qd6 30. Qe1 Qc6) 25... d5 26. Re1 Rxe1 $6 {Inaccuracy. Be4 was best.} (26... Be4 27. Qe3 Qb5 28. Qa3 Re6 29. Qa5 Qb3 30. Qd2 h5 31. Re2 Kh7 32. Ra3) 27. Qxe1 Be4 28. Qe2 $6 {Inaccuracy. Ra4 was best.} (28. Ra4) 28... h5 29. Ra2 Kg7 30. Be3 Qd6 31. Bd2 Qc6 32. g4 $6 {Inaccuracy. Qf2 was best.} (32. Qf2 d4 33. Ra5 Qd6 34. Ra4 Bd5 35. Bb4 Qb6 36. Bc3 Be6 37. Ra1 Bf5) 32... hxg4 33. hxg4 Kg8 $6 {Inaccuracy. g5 was best.} (33... g5 34. Qe3 Qd6 35. Kg1 Kg8 36. Kf1 Bg7 37. f5 Bf6 38. Ke1 Bd3 39. Kd1) 34. Qf2 Qe6 $4 {Blunder. d4 was best.} (34... d4 35. g5 Bg7 36. Ra5 Qc8 37. Ra1 Bc6 38. Ra5 Bb7 39. Ra1 Qg4 40. Rg1) 35. g5 Bg7 36. Bc3 Bd3 37. Ra1 Qg4 38. Bxg7 Kxg7 39. Rxa6 Bf5 40. Ra3 Qh5+ 41. Kg2 Qd1 42. Re3 Qg4+ 43. Kh2 d4 44. Re8 Qh5+ 45. Kg1 Qd1+ 46. Kh2 c3 47. bxc3 dxc3 48. Qe3 Qc2+ 49. Kg3 Qd3 1/2-1/2